El medio ambiente /

Guardado en:
Autor Principal: George, Pierre
Formato: Libro
Publicado: Buenos Aires : Hispamerica, 1986
Materias:
Etiquetas: Agregar Etiqueta
Sin Etiquetas, Sea el primero en etiquetar este registro!
LEADER 00737nam a22002055a 4500
001 CEM.cems002846
005 20060221000000.0
008 130507s1986##################000#0#####d
003 CEMS
082 0 4 |a 574.5 
100 1 |a George, Pierre 
245 1 0 |a El medio ambiente /  |c Pierre George 
260 |a Buenos Aires :  |b Hispamerica,  |c 1986 
300 |a 124 p. 
505 0 |a Los ambientes acuaticos. Factores ecologicos. Ecologia de la poblacion. Ecologia de la comunidad. Ecologia del ecosistema. Ecologia acuatica aplicada 
653 |a Donacion c. basico 
653 |a Ecologia 
653 |a Medio ambiente 
859 |a CEMS  |b BIB. CEMS - 11 de abril  |h 574.5  |i G293  |p 15929.90  |t Ej.1 
859 |a CEMS  |b BIB. CEMS - 11 de abril  |h 574.5  |i G293  |p 15930.90  |t Ej.2